| 000 | 00677nam a2200145Ia 4500 | ||
|---|---|---|---|
| 008 | 090122s9999 xx 000 0 und d | ||
| 082 |
_b6019 _a808.899282 |
||
| 100 |
_aमथुरे _bसुरेश |
||
| 245 | _aचीन मध्ये लागलेले शोध आणि त्यांच्या जन्मकथा | ||
| 600 | _aमथुरे | ||
| 630 | _aचीन मध्ये लागलेले शोध आणि त्यांच्या जन्मकथा | ||
| 700 | _aमथुरे | ||
| 730 | _aचीन मध्ये लागलेले शोध आणि त्यांच्या जन्मकथा | ||
| 942 | _cBOOK | ||
| 999 |
_c30096 _d30096 |
||